Detalles MARC
| 000 -CABECERA |
| campo de control de longitud fija |
00937nam a2200169 a 4500 |
| 001 - NÚMERO DE CONTROL |
| campo de control |
000041777 |
| 005 - FECHA Y HORA DE LA ÚLTIMA TRANSACCIÓN |
| campo de control |
20201002035740.0 |
| 008 - DATOS DE LONGITUD FIJA--INFORMACIÓN GENERAL |
| campo de control de longitud fija |
131017s1984 sp 000 0 spa d |
| 020 ## - NÚMERO INTERNACIONAL ESTÁNDAR DEL LIBRO |
| Número Internacional Estándar del Libro |
840005743-0 |
| 040 ## - FUENTE DE LA CATALOGACIÓN |
| Centro catalogador/agencia de origen |
DO-SdBNP |
| Lengua de catalogación |
spa |
| Centro/agencia transcriptor |
BNPHU |
| 100 1# - ENTRADA PRINCIPAL--NOMBRE DE PERSONA |
| Nombre de persona |
Cieza de León, Pedro de |
| Títulos y otros términos asociados al nombre |
1518-1554 |
| 9 (RLIN) |
68632 |
| 245 10 - MENCIÓN DE TÍTULO |
| Título |
Obras Completas / |
| Mención de responsabilidad, etc. |
Estudio bio-bibliográfico Cieza de León, su persona y su obra ;índice analítico general de las obras completas de Cieza de León por Carmelo Sáenz de Santa María. |
| 260 ## - PUBLICACIÓN, DISTRIBUCIÓN, ETC. |
| Lugar de publicación, distribución, etc. |
Madrid : |
| Nombre del editor, distribuidor, etc. |
Instituto "Gonzalo Fernández de Oviedo", |
| -- |
Consejo Superior de Investigaciones Científicas, |
| Fecha de publicación, distribución, etc. |
1984. |
| 490 1# - MENCIÓN DE SERIE |
| Mención de serie |
Monumenta hispano-indiana |
| Designación de volumen o secuencia |
2 |
| 505 2# - NOTA DE CONTENIDO CON FORMATO |
| Nota de contenido con formato |
v. 1 |
| Título |
La crónica del Perú-- |
| -- |
Las guerras civiles peruanas -- |
| Información miscelánea |
v. 2 |
| Título |
Las guerras civiles peruanas -- |
| Información miscelánea |
v. 3 |
| Título |
Estudio bio-bibliografico Cieza de León, su persona y su obra / |
| Mención de responsabilidad |
por Carmelo Sáenz de Santa María. |
| 830 #0 - PUNTO DE ACCESO ADICIONAL DE SERIE-TÍTULO UNIFORME |
| Título uniforme |
Monumenta hispano-indiana |
| Designación de volumen o secuencia |
2 |
| 9 (RLIN) |
68633 |